[Event "Muensterland op 38th"]
[Site "Muenster"]
[Date "2021.10.10"]
[Round "4"]
[White "Ackermann, Hans Werner"]
[Black "Huber, Benedikt"]
[Result "1/2-1/2"]
[WhiteElo "2190"]
[BlackElo "2271"]
[PlyCount "62"]
[EventDate "2021.10.08"]
[EventType "swiss"]
[EventRounds "9"]
[EventCountry "GER"]
[SourceTitle "EXT 2023"]
[Source "ChessBase"]
[SourceDate "2022.10.05"]
[SourceVersion "1"]
[SourceVersionDate "2022.10.05"]
[SourceQuality "1"]

1. Nf3 Nf6 2. g3 e6 3. Bg2 d5 4. c4 dxc4 5. Qa4+ Bd7 6. Qxc4 c5 7. Ne5 Qc8 8. Nxd7 Nbxd7 9. Nc3 Be7 10. d3 0-0 11. 0-0 Rd8 12. Qb3 Nb6 13. a4 Nbd5 14. Bg5 Qd7 15. Rfc1 Rac8 16. Nb5 b6 17. Na3 h6 18. Bd2 Rb8 19. Bc3 Nxc3 20. bxc3 Nd5 21. Qb5 Bf6 22. Qxd7 Rxd7 23. Bxd5 exd5 24. Ra2 a6 25. Rb2 Rdb7 26. Rb3 b5 27. axb5 axb5 28. Rcb1 b4 29. d4 Ra8 30. dxc5 Bxc3 31. Nc2 Bf6 1/2-1/2

[Event "WchT Seniors 65"]
[Site "Prague"]
[Date "2020.03.11"]
[Round "6.1"]
[White "Ackermann, Hans Werner"]
[Black "Beilfuss, Wilfried"]
[Result "1/2-1/2"]
[WhiteElo "2242"]
[BlackElo "2205"]
[PlyCount "50"]
[EventDate "2020.03.06"]
[EventType "team-swiss"]
[EventRounds "7"]
[EventCountry "CZE"]
[SourceTitle "CBM 195 Extra"]
[Source "ChessBase"]
[SourceDate "2020.05.31"]
[SourceVersion "1"]
[SourceVersionDate "2020.05.31"]
[SourceQuality "1"]
[WhiteTeam "Germany 65 III"]
[BlackTeam "Germany 65 IX"]
[WhiteTeamCountry "GER"]
[BlackTeamCountry "GER"]

1. Nf3 Nf6 2. b3 c5 3. Bb2 e6 4. g3 b6 5. Bg2 Bb7 6. 0-0 Be7 7. c4 d6 8. Nc3 0-0 9. d4 cxd4 10. Qxd4 a6 11. Rfd1 Nbd7 12. Rac1 Qc7 13. Ne1 Bxg2 14. Nxg2 Qb7 15. Ba3 Nc5 16. Bxc5 dxc5 17. Qf4 Rfd8 18. Ne1 h6 19. Qf3 Qxf3 20. Nxf3 Bd6 21. Rd3 Bc7 22. Rcd1 Rxd3 23. Rxd3 Kf8 24. h3 Ke7 25. Kf1 Rb8 1/2-1/2

[Event "WchT Seniors 65"]
[Site "Prague"]
[Date "2020.03.10"]
[Round "5.3"]
[White "Vaisser, Anatoli"]
[Black "Ackermann, Hans Werner"]
[Result "1-0"]
[WhiteElo "2495"]
[BlackElo "2242"]
[PlyCount "87"]
[EventDate "2020.03.06"]
[EventType "team-swiss"]
[EventRounds "7"]
[EventCountry "CZE"]
[SourceTitle "CBM 195 Extra"]
[Source "ChessBase"]
[SourceDate "2020.05.31"]
[SourceVersion "1"]
[SourceVersionDate "2020.05.31"]
[SourceQuality "1"]
[WhiteTeam "France 65"]
[BlackTeam "Germany 65 III"]
[WhiteTeamCountry "FRA"]
[BlackTeamCountry "GER"]

1. d4 d6 2. e4 g6 3. Nc3 Bg7 4. f4 Nf6 5. Nf3 0-0 6. Bd3 c5 7. dxc5 dxc5 8. 0-0 Nc6 9. e5 Ne8 10. Be3 b6 11. Qe1 Bf5 12. Bxf5 gxf5 13. Rd1 Qc8 14. Qd2 Nc7 15. Qd7 Qxd7 16. Rxd7 Rac8 17. Rfd1 Rfd8 18. Nh4 Rxd7 19. Rxd7 e6 20. Nf3 Nb8 21. Rd2 Nc6 22. Kf2 Bf8 23. a4 a6 24. h3 Rd8 25. Rxd8 Nxd8 26. Nd2 b5 27. g4 Nd5 28. axb5 Nxc3 29. bxc3 axb5 30. c4 bxc4 31. Nxc4 fxg4 32. hxg4 Nb7 33. Ke2 Kg7 34. Kd3 f6 35. Nb6 fxe5 36. fxe5 Kg6 37. Nd7 Be7 38. Kc4 h6 39. Nxc5 Bxc5 40. Bxc5 Kg5 41. Be7+ Kxg4 42. Kb5 Kf5 43. Bf6 h5 44. Kb6 1-0

[Event "WchT Seniors 65"]
[Site "Prague"]
[Date "2020.03.06"]
[Round "1.12"]
[White "Ackermann, Hans Werner"]
[Black "Galandauer, Jan"]
[Result "1-0"]
[WhiteElo "2242"]
[BlackElo "1949"]
[PlyCount "97"]
[EventDate "2020.03.06"]
[EventType "team-swiss"]
[EventRounds "7"]
[EventCountry "CZE"]
[SourceTitle "CBM 195 Extra"]
[Source "ChessBase"]
[SourceDate "2020.05.31"]
[SourceVersion "1"]
[SourceVersionDate "2020.05.31"]
[SourceQuality "1"]
[WhiteTeam "Germany 65 III"]
[BlackTeam "Czech Republic 65 VII"]
[WhiteTeamCountry "GER"]
[BlackTeamCountry "CZE"]

1. Nf3 d5 2. b3 Nc6 3. Bb2 Bg4 4. e3 Nf6 5. d4 e6 6. a3 Bd6 7. c4 0-0 8. Nc3 dxc4 9. bxc4 e5 10. d5 Ne7 11. h3 Bh5 12. g4 Bg6 13. Nd2 c6 14. h4 h5 15. g5 Ng4 16. Be2 f5 17. Bxg4 fxg4 18. Nde4 cxd5 19. cxd5 Bxe4 20. Nxe4 Nf5 21. Qb3 Qa5+ 22. Bc3 Qc7 23. Rb1 b6 24. Nxd6 Qxd6 25. Bb4 Qd7 26. Bxf8 Rxf8 27. Rb2 g3 28. f3 Rc8 29. Rc2 Rxc2 30. Qxc2 Nxe3 31. Qc6 Qf7 32. Qe6 Nxd5 33. Qxf7+ Kxf7 34. Rg1 Ne3 35. Rxg3 Nc2+ 36. Ke2 b5 37. f4 exf4 38. Rd3 Ke6 39. Rd8 Nxa3 40. Kf3 a5 41. Kxf4 Nc4 42. Rg8 b4 43. Rxg7 b3 44. Rb7 a4 45. g6 Nd6 46. Rb6 b2 47. Rxb2 Ne8 48. Rb6+ Ke7 49. Ra6 1-0

[Event "BL2-West 1920"]
[Site "Germany"]
[Date "2020.03.01"]
[Round "7.7"]
[White "Ackermann, Hans Werner"]
[Black "Kraemer, Matthias"]
[Result "0-1"]
[WhiteElo "2242"]
[BlackElo "2219"]
[PlyCount "90"]
[EventDate "2019.09.19"]
[EventType "team-tourn"]
[EventRounds "9"]
[EventCountry "GER"]
[SourceTitle "EXT 2023"]
[Source "ChessBase"]
[SourceDate "2022.10.05"]
[SourceVersion "1"]
[SourceVersionDate "2022.10.05"]
[SourceQuality "1"]
[WhiteTeam "Dortmund Hansa"]
[BlackTeam "Bochum"]
[WhiteTeamCountry "GER"]
[BlackTeamCountry "GER"]

1. Nf3 g6 2. d4 Nf6 3. c4 d6 4. Nc3 Bf5 5. h3 Bg7 6. g4 Bc8 7. Bg2 0-0 8. Bg5 Nbd7 9. Qd2 c5 10. Rd1 a6 11. 0-0 b6 12. dxc5 bxc5 13. e4 Bb7 14. Rfe1 Re8 15. Qc2 Qb8 16. Bf4 e5 17. Bg5 h6 18. Bc1 Nf8 19. Nd5 Nxd5 20. cxd5 a5 21. Nd2 Ba6 22. Nc4 Qc7 23. Bf1 Reb8 24. Re3 Bb5 25. a4 Bd7 26. Bd2 Bf6 27. Rf3 Bg5 28. Be1 Nh7 29. Na3 Be7 30. Bb5 Ng5 31. Rc3 h5 32. Bxd7 Qxd7 33. Rg3 hxg4 34. hxg4 Kg7 35. Bd2 Rh8 36. Kg2 Rh4 37. Rh1 Rah8 38. Rxh4 Rxh4 39. f3 Qd8 40. Qc1 Qh8 41. Bxg5 Rh2+ 42. Kf1 Rh1+ 43. Rg1 Qh3+ 44. Kf2 Rh2+ 45. Ke1 Bxg5 0-1

[Event "MVP-ch Seniors op 19th"]
[Site "Ostseebad Binz"]
[Date "2019.12.02"]
[Round "6"]
[White "Wagner Michel, Annett"]
[Black "Ackermann, Hans Werner"]
[Result "0-1"]
[WhiteElo "2016"]
[BlackElo "2269"]
[PlyCount "110"]
[EventDate "2019.11.27"]
[EventType "swiss"]
[EventRounds "9"]
[EventCountry "GER"]
[SourceTitle "EXT 2021"]
[Source "ChessBase"]
[SourceDate "2020.10.23"]
[SourceVersion "1"]
[SourceVersionDate "2020.10.23"]
[SourceQuality "1"]

1. e4 b6 2. Nf3 Bb7 3. Nc3 e6 4. d4 d6 5. Bd3 Nd7 6. 0-0 g6 7. Qe2 Bg7 8. Bg5 Ne7 9. Rad1 a6 10. h4 h6 11. Bd2 b5 12. a4 b4 13. Nb1 c5 14. c3 0-0 15. Rfe1 Nc6 16. cxb4 Nxd4 17. Nxd4 cxd4 18. h5 g5 19. a5 Ne5 20. b5 Nxd3 21. Qxd3 f5 22. exf5 e5 23. f3 Qd7 24. bxa6 Bxa6 25. Qb3+ Kh8 26. Qe6 Qxe6 27. fxe6 Rfb8 28. b4 d5 29. Rc1 g4 30. e7 gxf3 31. gxf3 Bd3 32. Rc6 Kh7 33. Rd6 Re8 34. Rxd5 Rxe7 35. b5 Bf6 36. Kh2 Rg8 37. Rg1 Rxg1 38. Kxg1 Bxb1 39. Kf2 e4 40. fxe4 Bxe4 41. Rd6 Bh4+ 42. Ke2 Bc2+ 43. Kf3 Rf7+ 44. Kg4 Bf6 45. a6 Be5 46. Rxh6+ Kg7 47. Rc6 Bd3 48. Rc5 Be2+ 49. Kh4 Kf6 50. h6 Ke6 51. Kg5 Rf5+ 52. Kg6 Bh5+ 53. Kh7 Kf7 54. Rc6 Rf6 55. Rc5 Bg6+ 0-1

[Event "MVP-ch Seniors op 19th"]
[Site "Ostseebad Binz"]
[Date "2019.11.28"]
[Round "2"]
[White "Bachmann, Rolf"]
[Black "Ackermann, Hans Werner"]
[Result "0-1"]
[WhiteElo "1948"]
[BlackElo "2269"]
[PlyCount "74"]
[EventDate "2019.11.27"]
[EventType "swiss"]
[EventRounds "9"]
[EventCountry "GER"]
[SourceTitle "EXT 2021"]
[Source "ChessBase"]
[SourceDate "2020.10.23"]
[SourceVersion "1"]
[SourceVersionDate "2020.10.23"]
[SourceQuality "1"]

1. d4 d6 2. c4 e5 3. dxe5 dxe5 4. Qxd8+ Kxd8 5. Nf3 f6 6. Nc3 Be6 7. b3 Nd7 8. Bb2 c6 9. e3 Nh6 10. Rd1 Kc7 11. Bd3 a5 12. 0-0 Nc5 13. Bc2 Nf7 14. Rd2 g5 15. Ne4 Nxe4 16. Bxe4 Bb4 17. Rdd1 a4 18. Bc2 h5 19. h4 axb3 20. Bxb3 gxh4 21. Nxh4 Rhg8 22. Kh2 Rg4 23. g3 Bxc4 24. f3 Bxb3 25. axb3 Rgg8 26. Rf2 Nd6 27. Rc2 Rae8 28. e4 Rd8 29. Kh3 Nxe4 30. Rxd8 Ng5+ 31. Kg2 Rxd8 32. f4 Nf7 33. Ng6 Rg8 34. Rc4 Rxg6 35. Rxb4 h4 36. fxe5 Rxg3+ 37. Kh2 Nxe5 0-1

[Event "Lanzarote op"]
[Site "Lanzarote"]
[Date "2019.06.26"]
[Round "4"]
[White "Garcia Blanco, Omar"]
[Black "Ackermann, Hans Werner"]
[Result "0-1"]
[WhiteElo "2304"]
[BlackElo "2221"]
[PlyCount "108"]
[EventDate "2019.06.24"]
[EventType "swiss"]
[EventRounds "9"]
[EventCountry "ESP"]
[SourceTitle "CBM 191 Extra"]
[Source "ChessBase"]
[SourceDate "2019.09.30"]
[SourceVersion "1"]
[SourceVersionDate "2019.09.30"]
[SourceQuality "1"]

1. e4 c5 2. c3 b6 3. d4 Bb7 4. f3 e6 5. Be3 Nf6 6. Bd3 Nc6 7. a3 d5 8. e5 Nd7 9. f4 a5 10. Nf3 Ba6 11. Bxa6 Rxa6 12. f5 Be7 13. 0-0 0-0 14. f6 gxf6 15. Bh6 Re8 16. Qe1 Kh8 17. Qe2 Ra7 18. Ng5 fxg5 19. Rxf7 Ndxe5 20. dxe5 Bf8 21. Rxa7 Nxa7 22. Qh5 Bxh6 23. Qxh6 Nc6 24. Nd2 Nxe5 25. Re1 Nf7 26. Qh5 Qe7 27. Rf1 Kg7 28. Nf3 e5 29. h4 e4 30. Nxg5 Nxg5 31. hxg5 e3 32. Qh6+ Kg8 33. g6 e2 34. gxh7+ Kh8 35. Re1 d4 36. cxd4 cxd4 37. Qf4 Qe5 38. Qf3 Kxh7 39. Qh3+ Kg6 40. Qg4+ Kf6 41. Qf3+ Kg5 42. g3 Qe4 43. Qf7 d3 44. Qg7+ Qg6 45. Qd4 Kh6 46. Qf4+ Kg7 47. Qd4+ Kg8 48. Qd5+ Re6 49. Qd8+ Kf7 50. Qd7+ Re7 51. Qd5+ Kg7 52. Qd4+ Kf8 53. Qf4+ Rf7 54. Qe3 d2 0-1

[Event "GER-ch Seniors 65 31st"]
[Site "Radebeul"]
[Date "2019.04.27"]
[Round "2"]
[White "Ackermann, Hans Werner"]
[Black "Selig, Rainer"]
[Result "1-0"]
[WhiteElo "2237"]
[BlackElo "2048"]
[PlyCount "43"]
[EventDate "2019.04.26"]
[EventType "swiss"]
[EventRounds "9"]
[EventCountry "GER"]
[SourceTitle "CBM 190 Extra"]
[Source "ChessBase"]
[SourceDate "2019.07.15"]
[SourceVersion "1"]
[SourceVersionDate "2019.07.15"]
[SourceQuality "1"]

1. Nf3 d5 2. c4 c6 3. e3 Nf6 4. Nc3 e6 5. d4 Nbd7 6. Bd3 Bd6 7. 0-0 0-0 8. e4 dxc4 9. Bxc4 e5 10. Bg5 Qe7 11. d5 Nb6 12. Bb3 Bg4 13. h3 Bd7 14. a4 a5 15. Nd2 h6 16. Be3 Bc5 17. Qe2 Rad8 18. Rfd1 Bc8 19. d6 Rxd6 20. Bxc5 Rxd2 21. Bxe7 Rxe2 22. Nxe2 1-0

[Event "EU-ch Seniors 65 19th"]
[Site "Rhodes"]
[Date "2019.04.14"]
[Round "9"]
[White "Petersen, Peter Birk"]
[Black "Ackermann, Hans Werner"]
[Result "1-0"]
[WhiteElo "2128"]
[BlackElo "2237"]
[PlyCount "103"]
[EventDate "2019.04.06"]
[EventType "swiss"]
[EventRounds "9"]
[EventCountry "GRE"]
[SourceTitle "CBM 189 Extra"]
[Source "ChessBase"]
[SourceDate "2019.06.03"]
[SourceVersion "1"]
[SourceVersionDate "2019.06.03"]
[SourceQuality "1"]

1. e4 d6 2. d4 g6 3. Nc3 Bg7 4. Nf3 a6 5. a4 Nf6 6. Be2 0-0 7. 0-0 Nc6 8. d5 Nb4 9. a5 e6 10. Ra4 c5 11. Ra3 exd5 12. exd5 Bf5 13. Ne1 Re8 14. Be3 Qd7 15. Bf3 Bg4 16. Qd2 Bxf3 17. Nxf3 Qf5 18. Rb3 Rab8 19. Bf4 Red8 20. Rd1 Qxc2 21. Qxc2 Nxc2 22. Rb6 Nd4 23. Bxd6 Rbc8 24. Be7 Nxd5 25. Bxd8 Rxd8 26. Nxd5 Rxd5 27. Kf1 Rd7 28. Nxd4 cxd4 29. Ke2 Be5 30. Kd3 Rd5 31. b4 Rd7 32. g3 g5 33. Rc1 Kg7 34. Rc5 Bf6 35. Rc8 g4 36. Rb8 Rc7 37. R8xb7 Rc3+ 38. Ke4 Rc2 39. Rd7 Re2+ 40. Kd3 Rxf2 41. Rxa6 h5 42. Raa7 Rf3+ 43. Ke2 Kg6 44. Rab7 h4 45. a6 hxg3 46. hxg3 Re3+ 47. Kf2 Ra3 48. a7 Be5 49. Rd8 Ra2+ 50. Kf1 Ra1+ 51. Ke2 d3+ 52. Rxd3 1-0

[Event "EU-ch Seniors 65 19th"]
[Site "Rhodes"]
[Date "2019.04.12"]
[Round "7"]
[White "Hohler, Peter"]
[Black "Ackermann, Hans Werner"]
[Result "1/2-1/2"]
[WhiteElo "2056"]
[BlackElo "2237"]
[PlyCount "124"]
[EventDate "2019.04.06"]
[EventType "swiss"]
[EventRounds "9"]
[EventCountry "GRE"]
[SourceTitle "CBM 189 Extra"]
[Source "ChessBase"]
[SourceDate "2019.06.03"]
[SourceVersion "1"]
[SourceVersionDate "2019.06.03"]
[SourceQuality "1"]

1. d4 d6 2. c4 e5 3. Nc3 exd4 4. Qxd4 Nc6 5. Qd2 g6 6. b3 Bh6 7. e3 Nf6 8. Bb2 0-0 9. Nf3 a5 10. Be2 Bg7 11. 0-0 Nb4 12. Rad1 Qe7 13. a3 Na6 14. Nd5 Nxd5 15. Bxg7 Kxg7 16. cxd5 Nc5 17. Qc3+ f6 18. Rc1 Rf7 19. Rfd1 h6 20. Nd4 Qd8 21. Qc2 Kh7 22. Bb5 f5 23. Ne2 Qf6 24. Qc3 Qg7 25. b4 axb4 26. axb4 Ne4 27. Qxg7+ Kxg7 28. Ra1 Rb8 29. Rdc1 g5 30. Nc3 Nf6 31. Rd1 Re7 32. Rd3 Kf8 33. Rd4 Re5 34. h3 Ke7 35. Rd3 Kd8 36. Rd4 Re7 37. Rd2 Ne4 38. Rd3 Nf6 39. Rd4 Re5 40. Ra3 Ng8 41. Ra1 Ne7 42. Rd3 Ng6 43. f3 Re7 44. Kf2 Rf7 45. Rdd1 Ne5 46. f4 Ng6 47. g3 Ne7 48. Bc4 Ng8 49. Bb5 Nf6 50. Ra3 Re7 51. Rd4 Ng8 52. Ra1 Rg7 53. Rdd1 Ne7 54. Bc4 Bd7 55. b5 Nc8 56. Bd3 Nb6 57. Rh1 Ke7 58. Rag1 Rbg8 59. Bc2 Kf6 60. Bb3 Be8 61. Bc2 Bf7 62. e4 fxe4 1/2-1/2

[Event "EU-ch Seniors 65 19th"]
[Site "Rhodes"]
[Date "2019.04.09"]
[Round "4"]
[White "Ackermann, Hans Werner"]
[Black "Hiby, Harald"]
[Result "1-0"]
[WhiteElo "2237"]
[BlackElo "1812"]
[PlyCount "59"]
[EventDate "2019.04.06"]
[EventType "swiss"]
[EventRounds "9"]
[EventCountry "GRE"]
[SourceTitle "CBM 189 Extra"]
[Source "ChessBase"]
[SourceDate "2019.06.03"]
[SourceVersion "1"]
[SourceVersionDate "2019.06.03"]
[SourceQuality "1"]

1. Nf3 e6 2. b3 d5 3. Bb2 Nf6 4. c4 Be7 5. e3 0-0 6. d4 Nbd7 7. Bd3 dxc4 8. bxc4 b6 9. 0-0 Bb7 10. Nc3 c5 11. d5 exd5 12. cxd5 Ne8 13. e4 Bf6 14. Rb1 Ne5 15. Nxe5 Bxe5 16. Na4 Qd6 17. Bxe5 Qxe5 18. Nxc5 Bc8 19. Nb3 Bd7 20. f4 Qc3 21. Qf3 Ba4 22. e5 g6 23. Rfc1 Qb4 24. Qe4 Qxe4 25. Bxe4 Bxb3 26. axb3 f5 27. Bf3 Rb8 28. d6 h6 29. d7 Ng7 30. Bd5+ 1-0

[Event "Wch Seniors 65 28th"]
[Site "Bled"]
[Date "2018.11.25"]
[Round "7"]
[White "Vaisser, Anatoli"]
[Black "Ackermann, Hans Werner"]
[Result "1-0"]
[WhiteElo "2504"]
[BlackElo "2272"]
[PlyCount "69"]
[EventDate "2018.11.18"]
[EventType "swiss"]
[EventRounds "11"]
[EventCountry "SLO"]
[SourceTitle "CBM 187 Extra"]
[Source "ChessBase"]
[SourceDate "2018.11.04"]
[SourceVersion "1"]
[SourceVersionDate "2018.11.04"]
[SourceQuality "1"]

1. d4 d6 2. e4 Nf6 3. Nc3 e5 4. dxe5 dxe5 5. Qxd8+ Kxd8 6. Bc4 Bb4 7. Bxf7 Nxe4 8. Nge2 Rf8 9. Bb3 Bf5 10. Be3 Nd7 11. 0-0-0 Nxc3 12. bxc3 Bd6 13. Ng3 Bg6 14. h4 Bf7 15. Ne4 Bxb3 16. cxb3 Ke7 17. Bg5+ Ke6 18. Rd2 h6 19. Nxd6 cxd6 20. Rhd1 Nc5 21. Rxd6+ Kf5 22. Be3 Ne4 23. Rd7 Nxc3 24. R1d2 Rac8 25. Kb2 g5 26. hxg5 hxg5 27. Rxb7 a5 28. a4 g4 29. Rg7 Ne4 30. Rd5 Rcd8 31. Rxa5 Nxf2 32. Rg5+ Ke4 33. Raxe5+ Kd3 34. Bc5 Rf7 35. Ka3 1-0

[Event "Bled Planinc Memorial 1st"]
[Site "Bled"]
[Date "2018.11.24"]
[Round "2"]
[White "Sorokina, Tamara"]
[Black "Ackermann, Hans Werner"]
[Result "1/2-1/2"]
[WhiteElo "2058"]
[BlackElo "2272"]
[PlyCount "85"]
[EventDate "2018.11.24"]
[EventType "swiss (blitz)"]
[EventRounds "9"]
[EventCountry "SLO"]
[SourceTitle "CBM 187 Extra"]
[Source "ChessBase"]
[SourceDate "2018.11.04"]
[SourceVersion "1"]
[SourceVersionDate "2018.11.04"]
[SourceQuality "1"]

1. d4 d6 2. Nf3 g6 3. Nbd2 Bg7 4. e4 c6 5. Bd3 Nf6 6. 0-0 0-0 7. Qe2 Nfd7 8. c3 e5 9. dxe5 dxe5 10. Nc4 Qc7 11. Ne3 Nc5 12. Bc2 a5 13. b4 axb4 14. cxb4 Ne6 15. Bb2 Nd7 16. Bb3 Nf4 17. Qc2 Nb6 18. Rac1 Be6 19. Bxe6 Nxe6 20. a3 Nd4 21. Nxd4 exd4 22. Nd5 Nxd5 23. exd5 d3 24. Qd2 Bxb2 25. Qxb2 Qb6 26. dxc6 bxc6 27. Rfd1 Rfd8 28. Rc5 Qa6 29. Ra5 Qc4 30. Rc5 Qe4 31. h3 Qe2 32. Rd2 Qe1+ 33. Kh2 Rxa3 34. Rxc6 Ra1 35. Qf6 Qe8 36. b5 Rb1 37. b6 Qd7 38. Rc7 Qd6+ 39. Qxd6 Rxd6 40. b7 Rdb6 41. Rxd3 Rxb7 42. Rxb7 Rxb7 43. f4 1/2-1/2

[Event "Wch Seniors 65 28th"]
[Site "Bled"]
[Date "2018.11.21"]
[Round "4"]
[White "Leskovar, Mario Leopoldo"]
[Black "Ackermann, Hans Werner"]
[Result "1/2-1/2"]
[WhiteElo "2242"]
[BlackElo "2272"]
[PlyCount "115"]
[EventDate "2018.11.18"]
[EventType "swiss"]
[EventRounds "11"]
[EventCountry "SLO"]
[SourceTitle "CBM 187 Extra"]
[Source "ChessBase"]
[SourceDate "2018.11.04"]
[SourceVersion "1"]
[SourceVersionDate "2018.11.04"]
[SourceQuality "1"]

1. b3 a5 2. a4 Nf6 3. Bb2 d6 4. f4 Bf5 5. Nf3 e6 6. e3 Nbd7 7. Be2 h5 8. Na3 h4 9. Nc4 d5 10. Nce5 Nxe5 11. Nxe5 c6 12. 0-0 Bc5 13. Nf3 Qe7 14. Bd4 Bg4 15. Bxc5 Qxc5 16. Nd4 Bxe2 17. Qxe2 Qe7 18. c4 g6 19. Rac1 Nd7 20. cxd5 exd5 21. Qg4 Nf6 22. Qh3 Qd7 23. Rf3 Rh5 24. Qxd7+ Nxd7 25. Rh3 Ke7 26. g4 Rh7 27. g5 Kd6 28. Kf2 Nc5 29. Ke2 Re8 30. Rg1 Ne6 31. Nxe6 Kxe6 32. Rg4 Reh8 33. d3 Kd6 34. Kd2 Kc5 35. Kc3 b5 36. axb5 cxb5 37. f5 b4+ 38. Kd2 a4 39. bxa4 Ra8 40. Rgxh4 Rxh4 41. Rxh4 Rxa4 42. fxg6 fxg6 43. Rh6 Ra2+ 44. Kc1 b3 45. Rxg6 Rxh2 46. e4 d4 47. e5 Re2 48. Re6 Kb4 49. g6 Rg2 50. Rc6 b2+ 51. Kb1 Kb3 52. Rb6+ Kc3 53. Rc6+ Kxd3 54. e6 Rxg6 55. e7 Rg1+ 56. Kxb2 Re1 57. Rc7 Kd2 58. Rc2+ 1/2-1/2

[Event "EU-ch Seniors 65 18th"]
[Site "Drammen"]
[Date "2018.08.11"]
[Round "8"]
[White "Ackermann, Hans Werner"]
[Black "Renman, Nils Gustaf"]
[Result "1/2-1/2"]
[WhiteElo "2246"]
[BlackElo "2348"]
[PlyCount "51"]
[EventDate "2018.08.04"]
[EventType "swiss"]
[EventRounds "9"]
[EventCountry "NOR"]
[SourceTitle "CBM 186 Extra"]
[Source "ChessBase"]
[SourceDate "2018.08.24"]
[SourceVersion "1"]
[SourceVersionDate "2018.08.24"]
[SourceQuality "1"]

1. Nf3 e6 2. b3 d5 3. Bb2 Nf6 4. e3 Be7 5. d4 0-0 6. Bd3 c5 7. 0-0 Nbd7 8. c4 b6 9. Nc3 cxd4 10. Nxd4 Bb7 11. cxd5 Nxd5 12. Nxd5 Bxd5 13. Rc1 Rc8 14. Qe2 Rxc1 15. Rxc1 Nc5 16. Bb1 Qa8 17. b4 Ne4 18. f3 Nf6 19. a3 Rc8 20. Rxc8+ Qxc8 21. Bd3 Ne8 22. Nb5 a5 23. Qd2 axb4 24. axb4 Nd6 25. e4 Bb7 26. Nxd6 1/2-1/2

[Event "EU-ch Seniors 65 18th"]
[Site "Drammen"]
[Date "2018.08.06"]
[Round "3"]
[White "Gruzmann, Boris"]
[Black "Ackermann, Hans Werner"]
[Result "1/2-1/2"]
[WhiteElo "2183"]
[BlackElo "2246"]
[PlyCount "34"]
[EventDate "2018.08.04"]
[EventType "swiss"]
[EventRounds "9"]
[EventCountry "NOR"]
[SourceTitle "CBM 186 Extra"]
[Source "ChessBase"]
[SourceDate "2018.08.24"]
[SourceVersion "1"]
[SourceVersionDate "2018.08.24"]
[SourceQuality "1"]

1. e4 d6 2. d4 g6 3. Nc3 a6 4. Be3 b5 5. Qd2 Bb7 6. f3 Nd7 7. h4 h5 8. Nh3 Bg7 9. Ng5 Ngf6 10. a4 bxa4 11. Bc4 0-0 12. 0-0-0 Nb6 13. Ba2 Qd7 14. Rdg1 a3 15. bxa3 Na4 16. Nxa4 Qxa4 17. Qb4 Qxb4 1/2-1/2